| 000 | 00846cam a2200253 4500 | ||
|---|---|---|---|
| 001 | 33134 | ||
| 003 | BD-RjUL | ||
| 005 | 20211209051943.0 | ||
| 008 | 140430s1963 nyuab b 001 0 eng | ||
| 035 | _a(BD-RjUL)33225 | ||
| 040 |
_aDLC _cDLC _dDLC _dBD-RjUL _beng |
||
| 041 | _aeng | ||
| 082 | 0 | 0 |
_a301.07 _bRIS V-1 1963 |
| 100 | 1 |
_aRiley, Matilda White, _d1911- _9100647 |
|
| 245 | 0 | 0 |
_aSociological research / _cUnder the general editorship of Robert K. Merton. _nVolume I : _pA Case Approach. |
| 260 |
_aNew York : _bHarcourt, Brace & World, _cc1963. |
||
| 300 |
_axx, 777 p. : _bmaps, diagrs. ; _c24-28 cm. |
||
| 504 | _aBibliography (p. 743-753) and index. | ||
| 505 | 0 | _a1. A case approach.--2. Exercises and manual. | |
| 650 | 0 |
_aSociology _xStudy and teaching. _9100648 |
|
| 942 |
_2ddc _cBK |
||
| 999 |
_c33134 _d33134 |
||